Out with the old... (Record no. 76366)
[ view plain ]
| 000 -LEADER | |
|---|---|
| fixed length control field | 01143cab a2200205 4500 |
| 001 - CONTROL NUMBER | |
| control field | ##L132235 |
| 008 - FIXED-LENGTH DATA ELEMENTS--GENERAL INFORMATION | |
| fixed length control field | 060120n2006 000 0 eng u |
| 035 ## - SYSTEM CONTROL NUMBER | |
| System control number | (Sirsi) u132235 |
| 041 0# - LANGUAGE CODE | |
| Language code of text/sound track or separate title | eng |
| 100 1# - MAIN ENTRY--PERSONAL NAME | |
| Personal name | Taylor, Jessica |
| 245 00 - TITLE STATEMENT | |
| Title | Out with the old... |
| 260 ## - PUBLICATION, DISTRIBUTION, ETC. | |
| Date of publication, distribution, etc. | 2006 |
| 490 #0 - SERIES STATEMENT | |
| Series statement | RICS Building Surveying Faculty: The Journal |
| Volume/sequential designation | January / February 2006, 4(1) |
| 520 ## - SUMMARY, ETC. | |
| Summary, etc. | First of a three-part series examining the changes to the JCT suite of contracts. This article discusses the wording and content of the contracts. Supplements are now integrated within the contracts and statutory material has been removed. Some definitions have disappeared, whilst others have been introduced or changed. Collateral warranties are now included in all main contracts. Other changes affect the contractor's design submission procedure, and loss and expense and extension of time. |
| 590 ## - LOCAL NOTE (RLIN) | |
| Local note | IKA310106 |
| 650 24 - SUBJECT ADDED ENTRY--TOPICAL TERM | |
| Topical term or geographic name entry element | JCT STANDARD BUILDING CONTRACT (2005 EDITION) |
| 651 #4 - SUBJECT ADDED ENTRY--GEOGRAPHIC NAME | |
| Geographic name | United Kingdom |
| Chronological subdivision | |
| 690 ## - LOCAL SUBJECT ADDED ENTRY--TOPICAL TERM (OCLC, RLIN) | |
| Topical term or geographic name as entry element | BUILT ENVIRONMENT-BUILDING CONTRACT FORMS-STANDARD FORMS OF BUILDING CONTRACT-JOINT CONTRACTS TRIBUNAL CONTRACTS |
| 942 ## - ADDED ENTRY ELEMENTS (KOHA) | |
| Suppress in OPAC | 0 |
| Withdrawn status | Lost status | Source of classification or shelving scheme | Damaged status | Not for loan | Home library | Current library | Shelving location | Date acquired | Total Checkouts | Full call number | Barcode | Date last seen | Copy number | Price effective from | Koha item type |
|---|---|---|---|---|---|---|---|---|---|---|---|---|---|---|---|
| Dewey Decimal Classification | London | London | Journal article | 20/01/2006 | L132235 | 132235-1001 | 06/08/2019 | 1 | 06/08/2019 | Journal article |